MAASAI MARA UNIVERSITY

LIBRARY CATALOGUE

Contact Us: +254 020 2685356/7 or 0774 057787

Box: 861-20500, NAROK, KENYA

Email: info@mmarau.ac.ke

_Nandi development plan 2002-2008 ''effective management for sustainable economic growth and poverty reduction" Ministry of planning and national development (Record no. 8972)

MARC details
000 -LEADER
fixed length control field 00475nam a2200121Ia 4500
008 - FIXED-LENGTH DATA ELEMENTS--GENERAL INFORMATION
fixed length control field 151021s9999 xx 000 0 und d
050 ## - LIBRARY OF CONGRESS CALL NUMBER
Classification number HC 865. .NA4753 2008
245 ## - TITLE STATEMENT
Title _Nandi development plan 2002-2008 ''effective management for sustainable economic growth and poverty reduction" Ministry of planning and national development
260 ## - PUBLICATION, DISTRIBUTION, ETC. (IMPRINT)
Place of publication, distribution, etc. Nairobi Ministry of planning 2002
300 ## - PHYSICAL DESCRIPTION
Extent ix,79p.
650 ## - SUBJECT ADDED ENTRY--TOPICAL TERM
Topical term or geographic name as entry element _Development growth
980 ## - EQUIVALENCE OR CROSS-REFERENCE-SERIES STATEMENT--PERSONAL NAME/TITLE [LOCAL, CANADA]
Personal name ^d20120330 11:51:34^okorir

No items available.

© 2016 Maasai Mara University.